Governance and the sclerosis that has set in / (Record no. 123329)

MARC details
000 -LEADER
fixed length control field 00800nam a22002777a 4500
005 - DATE AND TIME OF LATEST TRANSACTION
control field 20170124105923.0
010 ## - LIBRARY OF CONGRESS CONTROL NUMBER
LC control number B-86644
020 ## - INTERNATIONAL STANDARD BOOK NUMBER
Terms of availability 00.00
International Standard Book Number 8129105241
035 ## - SYSTEM CONTROL NUMBER
System control number B-86644
037 ## - SOURCE OF ACQUISITION
Source of stock number/acquisition Cen Lib/Ret
040 ## - CATALOGING SOURCE
Original cataloging agency DPL
Language of cataloging EN
082 ## - DEWEY DECIMAL CLASSIFICATION NUMBER
Classification number 320.011
100 ## - MAIN ENTRY--PERSONAL NAME
Personal name Shourie, Arun
9 (RLIN) 5431
245 ## - TITLE STATEMENT
Title Governance and the sclerosis that has set in /
Statement of responsibility, etc by Arun Shourie
260 ## - PUBLICATION, DISTRIBUTION, ETC. (IMPRINT)
Place of publication, distribution, etc New Delhi
Name of publisher, distributor, etc ASA publictions
Date of publication, distribution, etc 2004
270 ## - ADDRESS
City New Delhi
Address A-31, west road
300 ## - PHYSICAL DESCRIPTION
Extent 262p.
Dimensions 21cm(Hb)
500 ## - GENERAL NOTE
General note Includes index
650 ## - SUBJECT ADDED ENTRY--TOPICAL TERM
Topical term or geographic name as entry element Governmet
9 (RLIN) 5432
650 ## - SUBJECT ADDED ENTRY--TOPICAL TERM
Topical term or geographic name as entry element Sclerosis
9 (RLIN) 5433
650 ## - SUBJECT ADDED ENTRY--TOPICAL TERM
Topical term or geographic name as entry element सरकार
9 (RLIN) 102
650 ## - SUBJECT ADDED ENTRY--TOPICAL TERM
Topical term or geographic name as entry element स्केलेरोसिस
9 (RLIN) 5434
700 ## - ADDED ENTRY--PERSONAL NAME
Personal name Ramakant
9 (RLIN) 5414
700 ## - ADDED ENTRY--PERSONAL NAME
Personal name Upreti, B.C
9 (RLIN) 5415
942 ## - ADDED ENTRY ELEMENTS (KOHA)
Source of classification or shelving scheme Dewey Decimal Classification
Koha item type English Books
Classification part 320.011
Call number suffix SHO
Holdings
Withdrawn status Lost status Damaged status Not for loan Home library Current library Date acquired Source of acquisition Cost, normal purchase price Total Checkouts Full call number Barcode Date last seen Date checked out Copy number Cost, replacement price Price effective from Koha item type
        Central Library Central Library 05/06/2015 Cen Lib/Ret 0.00 1 320.011 SHO B-86644 31/07/2025 17/07/2025 1 0.00 05/06/2015 English Books

© Delhi Public Library
Hit Counter
free hit counter